000 00528nmm a2200169Ia 4500
008 251105s9999||||xx |||||||||||||||||und||
020 _a9788481696745
041 _aspa
100 _aCarlos  Mesters , Eugenio García Martínez, Rocío García Garcimartín
245 0 _aEl sermón de la montaña
264 _a[Madrid, España] :
_bEditorial Verbo Divino,
_c2013
300 _a126 páginas
490 _aPalabra y Vida
650 _aReligion(s)
856 _uhttps://public.digitaliapublishing.com/a/51056
942 _cCF
999 _c85946
_d85946